| 000 | 00555nam a22001817a 4500 | ||
|---|---|---|---|
| 003 | OSt | ||
| 005 | 20250826052750.0 | ||
| 008 | 250826b |||||||| |||| 00| 0 eng d | ||
| 020 | _a10: 1-4130-2053-4. | ||
| 040 |
_aDWCL-Main lib _cOC |
||
| 082 | _aCirc.428 W723e 2007 | ||
| 100 | _aWilliams, Ivor | ||
| 245 |
_aEnglish for science & engineering/ _cWilliams Ivor |
||
| 260 |
_aBoston : _bThomson ELT, _cc2007 |
||
| 300 |
_avi, 106 p. : _b: ill. ; _c27 cm. + 1 Audio CD. |
||
| 650 | _a1.English language-Study and teaching. | ||
| 942 |
_2ddc _cBK-CIRC _kCirc. _n0 |
||
| 999 |
_c4265 _d4265 |
||